000 00306nam a22001217a 4500
020 _aNA
082 _222
_a339.3
100 _aColman Ron old and Sagebien Julia.
245 _aMeasuring genuine progress /
260 _aCBS, Thimphu,
_bCBS, Thimphu,
_cc2005
300 _a252 p,;
_bNA
_c24cm.
942 _2ddc
_cGEN
999 _c1535
_d1535